Statistics for Take Me To Church

Click here to take the quiz!

General Stats

  • This quiz has been taken 9 times
  • The average score is 91 of 140

Answer Stats

Answer% Correct
A
100%
Church
100%
Dog
100%
I
100%
Me
100%
To
100%
Worship
100%
Like
89%
My
89%
Take
89%
You
89%
Amen
78%
At
78%
Got
78%
I’ll
78%
Life
78%
Love
78%
Lover’s
78%
Of
78%
The
78%
Your
78%
Born
67%
Disapproval
67%
Ever
67%
Every
67%
Everybody’s
67%
Funeral
67%
Giggle
67%
Humor
67%
She
67%
She’s
67%
Shrine
67%
Sick
67%
Sins
67%
We
67%
Were
67%
Alone
56%
Be
56%
Death
56%
Deathless
56%
Did
56%
Each
56%
Fresh
56%
Give
56%
God
56%
Good
56%
Heaven
56%
Heavens
56%
Her
56%
In
56%
Knife
56%
Knows
56%
Let
56%
Mouthpiece
56%
Offer
56%
Oh
56%
Poison
56%
Say
56%
Sharpen
56%
Should’ve
56%
Sooner
56%
Speak
56%
Tell
56%
Was
56%
Week
56%
With
56%
Absolutes
44%
And
44%
Bedroom
44%
Bleak
44%
But
44%
Can
44%
Getting
44%
Heard
44%
If
44%
It
44%
Last
44%
Lies
44%
More
44%
No
44%
Offers
44%
Sent
44%
Sunday’s
44%
Tells
44%
Them
44%
Well
44%
When
44%
Worshiped
44%
Command
33%
I’m
33%
Only
33%
That
33%
True
33%
Is
22%
Times
22%
Sunlight
11%
Pagan
0%
They
0%

Score Distribution

Percentile by Number Answered

Percent of People with Each Score

Your Score History

You have not taken this quiz